000 01068nam a22003257a 4500
003 CHAP
005 20220329141719.0
008 971013s1968 r 00010 d
010 _a72670
011 _a73642
035 _a83200
040 _cCHAP
090 _aFolleto 5695
100 1 _aGarcía Cook, Angel.
_945874
245 1 _aChimalhuacán; un artefacto asociado a megafauna
260 _aMéxico, D.F. :
_bINAH. Departamento de Prehistoria,
_c1968
300 _a42 p.
_b: ilus. ; mapas
490 _aINAH. Prehistoria
_v; 21
590 _aBATCH-UPD
_b10
_c20130110
_lUCH01
_h0540
590 _aBATCH-UPD
_b10
_c20130410
_lUCH01
_h0221
590 _aBATCH-UPD
_b10
_c20130914
_lUCH01
_h1528
590 _aCONVERSION
_b10
_c20130109
_lUCH01
_h1340
650 1 4 _aPaleontología.
_984907
650 1 4 _aPaleontología
_xMéxico (Edo.)
_984911
830 0 _aINAH. Prehistoria
_v; 21
_957514
901 _aBK
942 _cFOLL
949 _aFolleto 5695
_bBC
_cFOLL
_d-37624
_eTS1
_i83200
_si
_t30.00
949 _aFolleto 5695
_bBC
_cFOLL
_d-37625
_eTS2
_fc.2
_i83200
_si
_t30.00
999 _c72670
_d72670